Consumer behaviour : (Record no. 5136)
[ view plain ]
| 000 -LEADER | |
|---|---|
| fixed length control field | 00596nam a2200181 ar4500 |
| 001 - CONTROL NUMBER | |
| control field | 5138 |
| 005 - DATE AND TIME OF LATEST TRANSACTION | |
| control field | 20221127091108.0 |
| 008 - FIXED-LENGTH DATA ELEMENTS--GENERAL INFORMATION | |
| fixed length control field | 201708s ||| 00010|eng d |
| 020 ## - INTERNATIONAL STANDARD BOOK NUMBER | |
| International Standard Book Number | 9781292153100 (pbk) |
| Terms of availability | SR 210 |
| 082 04 - DEWEY DECIMAL CLASSIFICATION NUMBER | |
| Classification number | 658.8342 So47 2018 |
| 100 1# - MAIN ENTRY--PERSONAL NAME | |
| Personal name | Solomon, Michael R |
| 245 10 - TITLE STATEMENT | |
| Title | Consumer behaviour : |
| Remainder of title | buying, having, and being / |
| Statement of responsibility, etc. | Micheal R. Solomon |
| 250 ## - EDITION STATEMENT | |
| Edition statement | 12th. ed. |
| 260 ## - PUBLICATION, DISTRIBUTION, ETC. | |
| Place of publication, distribution, etc. | Harlow. England |
| Name of publisher, distributor, etc. | Pearson |
| Date of publication, distribution, etc. | 2018 |
| 300 ## - PHYSICAL DESCRIPTION | |
| Extent | 623 pgs |
| Other physical details | ill.col |
| Dimensions | 26.5 cm Includes index and Studen access card |
| 650 #4 - SUBJECT ADDED ENTRY--TOPICAL TERM | |
| Topical term or geographic name entry element | Consumer behavior |
| Topical term following geographic name entry element | Marketing management |
| 700 0# - ADDED ENTRY--PERSONAL NAME | |
| Personal name | Solomon R. Micheal |
| Withdrawn status | Lost status | Source of classification or shelving scheme | Damaged status | Not for loan | Home library | Current library | Date acquired | Cost, normal purchase price | Total Checkouts | Full call number | Barcode | Date last seen | Copy number | Price effective from | Koha item type |
|---|---|---|---|---|---|---|---|---|---|---|---|---|---|---|---|
| 11/27/2022 | 658.8342 So47 2018 | 1000000017769 | 11/27/2022 | C2 | 11/27/2022 | Book | |||||||||
| CENTRAL | CENTRAL | 11/27/2022 | 21000.00 | 658.8342 So47 2018 | 1000000015116 | 11/27/2022 | C1 | 11/27/2022 | Book |
